[Event "Dubai op-B 23rd"]
[Site "Dubai"]
[Date "2023.06.01"]
[Round "6"]
[White "Newansa, M Esandi"]
[Black "Eman, Sawan"]
[Result "0-1"]
[WhiteElo "1529"]
[BlackElo "1759"]
[PlyCount "84"]
[EventDate "2023.05.27"]
[EventType "swiss"]
[EventRounds "9"]
[EventCountry "UAE"]
[SourceTitle "CBM 214 Extra"]
[Source "ChessBase"]
[SourceDate "2023.07.31"]
[SourceVersion "1"]
[SourceVersionDate "2023.07.31"]
[SourceQuality "1"]

1. d4 Nf6 2. Bf4 g6 3. e3 Bg7 4. Be2 0-0 5. c4 d6 6. Nc3 Nbd7 7. Nf3 b6 8. 0-0 Bb7 9. Qc2 Nh5 10. Bg5 h6 11. Bh4 g5 12. Nd2 Nhf6 13. Bg3 e5 14. d5 a5 15. a3 Ne8 16. Bd3 Nc5 17. Bf5 a4 18. Rad1 Bc8 19. Na2 e4 20. Bxc8 Qxc8 21. Nb4 f5 22. f4 Nf6 23. Nc6 Qd7 24. fxg5 Ng4 25. Bf4 Nd3 26. h3 hxg5 27. Bxg5 Bf6 28. Bf4 Nge5 29. Nd4 Ng6 30. Ne6 Ngxf4 31. Rxf4 Nxf4 32. Nxf8 Nxh3+ 33. Kh2 Be5+ 34. Kh1 Rxf8 35. gxh3 Qh7 36. Kg2 Rf6 37. Rh1 Rg6+ 38. Kf1 Qh4 39. Nb1 Rg3 40. Rg1 Qxh3+ 41. Rg2 Qh1+ 42. Kf2 Rxg2# 0-1

[Event "Dubai op-B 23rd"]
[Site "Dubai"]
[Date "2023.05.28"]
[Round "2"]
[White "Al Blooshi, Hamad Essa"]
[Black "Eman, Sawan"]
[Result "0-1"]
[WhiteElo "1568"]
[BlackElo "1759"]
[PlyCount "58"]
[EventDate "2023.05.27"]
[EventType "swiss"]
[EventRounds "9"]
[EventCountry "UAE"]
[SourceTitle "CBM 214 Extra"]
[Source "ChessBase"]
[SourceDate "2023.07.31"]
[SourceVersion "1"]
[SourceVersionDate "2023.07.31"]
[SourceQuality "1"]

1. d4 Nf6 2. c4 g6 3. Nc3 Bg7 4. e4 d6 5. f3 0-0 6. Be3 e5 7. d5 Nbd7 8. Qd2 a5 9. g4 Nc5 10. 0-0-0 h5 11. h3 a4 12. Kb1 a3 13. b3 Bd7 14. Nge2 Qe8 15. Nc1 b6 16. Bg5 Nh7 17. gxh5 Nxg5 18. Qxg5 Kh7 19. hxg6+ fxg6 20. Be2 Bh6 21. Qg2 Qf7 22. Nd3 Be3 23. Nf2 Bd4 24. Kc2 Qf4 25. Ng4 Na6 26. Rxd4 exd4 27. Nb5 Nb4+ 28. Kb1 Qd2 29. Bf1 Qd1# 0-1

[Event "Sharjah Cup (Women) 12th"]
[Site "Sharjah"]
[Date "2022.12.15"]
[Round "8"]
[White "Datuashvili, Nona"]
[Black "Eman, Sawan"]
[Result "1-0"]
[WhiteElo "2031"]
[BlackElo "1831"]
[PlyCount "49"]
[EventDate "2022.12.09"]
[EventType "swiss"]
[EventRounds "9"]
[EventCountry "UAE"]
[SourceTitle "CBM 211 Extra"]
[Source "ChessBase"]
[SourceDate "2023.01.31"]
[SourceVersion "1"]
[SourceVersionDate "2023.01.31"]
[SourceQuality "1"]

1. e4 c5 2. c3 Nf6 3. e5 Nd5 4. d4 cxd4 5. cxd4 d6 6. Bc4 Nb6 7. Bb5+ Bd7 8. e6 Bxb5 9. Qh5 Qc8 10. Qxb5+ Kd8 11. Be3 Qxe6 12. Nc3 Qc4 13. Qf5 g6 14. Qf3 Nc6 15. Nge2 Bg7 16. Rc1 Nb4 17. 0-0 Qe6 18. Qxb7 N4d5 19. Nxd5 Qxd5 20. Rc6 Qa5 21. b4 Qxa2 22. Nc3 Qa3 23. Bg5 f6 24. Re1 Bf8 25. Rxd6+ 1-0

[Event "Olympiad Women-44"]
[Site "Chennai"]
[Date "2022.08.07"]
[Round "9.2"]
[White "Ahmed, Najla"]
[Black "Eman, Sawan"]
[Result "0-1"]
[WhiteElo "1176"]
[BlackElo "1847"]
[PlyCount "84"]
[EventDate "2022.07.29"]
[EventType "team-swiss"]
[EventRounds "11"]
[EventCountry "IND"]
[SourceTitle "CBM 210"]
[Source "ChessBase"]
[SourceDate "2022.10.31"]
[SourceVersion "1"]
[SourceVersionDate "2022.10.31"]
[SourceQuality "1"]
[WhiteTeam "Bahrain (W)"]
[BlackTeam "Palestine (W)"]
[WhiteTeamCountry "BHN"]
[BlackTeamCountry "PLE"]

1. d4 Nf6 2. e3 g6 3. Bd3 Bg7 4. f4 d6 5. Nf3 Nbd7 6. 0-0 0-0 7. Nbd2 Re8 8. f5 Nb6 9. Nh4 e5 10. dxe5 dxe5 11. e4 Nxe4 12. Nxe4 Qd4+ 13. Kh1 Nd5 14. Nf3 Qb6 15. f6 Nxf6 16. Nxf6+ Bxf6 17. Re1 Bg7 18. Rb1 Qa5 19. Bc4 h6 20. Qd5 Qxd5 21. Bxd5 c6 22. Bc4 b5 23. Bb3 Bb7 24. a3 c5 25. c4 a6 26. Be3 e4 27. Nd2 Rac8 28. Bc2 f5 29. cxb5 axb5 30. Nb3 c4 31. Nd4 Re5 32. Rbd1 g5 33. g3 Rf8 34. Rf1 f4 35. gxf4 gxf4 36. Bxe4 Bxe4+ 37. Kg1 fxe3 38. Rxf8+ Kxf8 39. h4 Kf7 40. Rf1+ Kg6 41. Re1 Rh5 42. Rxe3 Bxd4 0-1

[Event "Olympiad Women-44"]
[Site "Chennai"]
[Date "2022.07.29"]
[Round "1.3"]
[White "Sinitsina, Anastassia"]
[Black "Eman, Sawan"]
[Result "1-0"]
[WhiteElo "2175"]
[BlackElo "1847"]
[PlyCount "75"]
[EventDate "2022.07.29"]
[EventType "team-swiss"]
[EventRounds "11"]
[EventCountry "IND"]
[SourceTitle "CBM 210"]
[Source "ChessBase"]
[SourceDate "2022.10.31"]
[SourceVersion "1"]
[SourceVersionDate "2022.10.31"]
[SourceQuality "1"]
[WhiteTeam "Estonia (W)"]
[BlackTeam "Palestine (W)"]
[WhiteTeamCountry "EST"]
[BlackTeamCountry "PLE"]

1. e4 c5 2. Nf3 d6 3. d4 cxd4 4. Nxd4 Nf6 5. Nc3 a6 6. Bg5 e6 7. f4 Be7 8. Qf3 Qc7 9. 0-0-0 Nbd7 10. g4 b5 11. a3 Bb7 12. Bxf6 Nxf6 13. g5 Nd7 14. h4 Rc8 15. Rh2 Qb6 16. f5 e5 17. Nb3 b4 18. axb4 Qxb4 19. f6 gxf6 20. Bh3 Rc4 21. Bxd7+ Kxd7 22. gxf6 Bf8 23. Qh5 Ke8 24. Rhd2 Qb6 25. Rd3 a5 26. Nd2 Rd4 27. Nf3 Rxd3 28. Rxd3 Qf2 29. Nd1 Qg3 30. Rb3 Qf4+ 31. Kb1 Qxe4 32. Ng5 Qd5 33. Ne3 Qh1+ 34. Ka2 Bd5 35. c4 Bxc4 36. Nxc4 Qd5 37. Rb8+ Kd7 38. Qg4+ 1-0

[Event "Arab-ch U14 Girls"]
[Site "Baghdad"]
[Date "2022.03.16"]
[Round "8"]
[White "Parwa, Pshtiwan Ahmed"]
[Black "Eman, Sawan"]
[Result "0-1"]
[WhiteElo "1027"]
[BlackElo "1834"]
[PlyCount "122"]
[EventDate "2022.03.10"]
[EventType "swiss"]
[EventRounds "9"]
[EventCountry "IRQ"]
[SourceTitle "EXT 2023"]
[Source "ChessBase"]
[SourceDate "2022.10.05"]
[SourceVersion "1"]
[SourceVersionDate "2022.10.05"]
[SourceQuality "1"]

1. e4 c5 2. d4 cxd4 3. c3 Nf6 4. e5 Nd5 5. cxd4 Nc6 6. Bc4 Nb6 7. Bb3 d6 8. f4 dxe5 9. dxe5 Qxd1+ 10. Bxd1 Bf5 11. Nf3 0-0-0 12. 0-0 Nb4 13. Ng5 Rxd1 14. Rxd1 Nc2 15. Nxf7 Rg8 16. Rd8+ Kc7 17. Nc3 a6 18. Rb1 Bg6 19. e6 Nb4 20. Ra1 Nc2 21. Rb1 Nb4 22. f5 Bxf5 23. Bf4+ Kc6 24. Re1 Nd3 25. Ne5+ Kc7 26. Nf7+ Nxf4 27. Rf1 Nxe6 28. Rdd1 g6 29. Nd5+ Nxd5 30. Rxd5 Bg7 31. Rc1+ Kb8 32. b3 Nf4 33. Rd2 Bd4+ 34. Rxd4 Ne2+ 35. Kf2 Nxd4 36. Ke3 Nc6 37. Nh6 Rd8 38. Nxf5 gxf5 39. Rc2 e5 40. g3 Nd4 41. Rf2 Rc8 42. Kd3 Rc1 43. a4 Rd1+ 44. Kc4 b5+ 45. axb5 axb5+ 46. Kd5 Nf3+ 47. Ke6 e4 48. Kxf5 Rd2 49. Rf1 Re2 50. Kf4 Nxh2 51. Rh1 Nf3 52. Rxh7 Ne1 53. g4 Nd3+ 54. Kg3 Re3+ 55. Kg2 Nf4+ 56. Kf2 Rf3+ 57. Ke1 e3 58. g5 e2 59. Re7 Rf1+ 60. Kd2 Rd1+ 61. Kc2 e1Q 0-1

[Event "Arab-ch U14 Girls"]
[Site "Baghdad"]
[Date "2022.03.15"]
[Round "7"]
[White "Roziya, Fakhraddin Awdl"]
[Black "Eman, Sawan"]
[Result "0-1"]
[WhiteElo "1089"]
[BlackElo "1834"]
[PlyCount "60"]
[EventDate "2022.03.10"]
[EventType "swiss"]
[EventRounds "9"]
[EventCountry "IRQ"]
[SourceTitle "EXT 2023"]
[Source "ChessBase"]
[SourceDate "2022.10.05"]
[SourceVersion "1"]
[SourceVersionDate "2022.10.05"]
[SourceQuality "1"]

1. d4 Nf6 2. Nf3 g6 3. Bf4 Bg7 4. e3 0-0 5. Be2 d6 6. 0-0 Nbd7 7. Nbd2 b6 8. Re1 Bb7 9. Nf1 Re8 10. Ng3 e5 11. dxe5 dxe5 12. Bg5 h6 13. Bxf6 Nxf6 14. h3 Ne4 15. Nxe4 Bxe4 16. Bd3 Bxd3 17. cxd3 e4 18. dxe4 Bxb2 19. Rb1 Bg7 20. Qxd8 Raxd8 21. Rbc1 c5 22. Rc4 Rd7 23. Re2 Rc8 24. Rcc2 b5 25. Nd2 c4 26. f3 a5 27. a4 Rxd2 28. Rexd2 b4 29. Rc1 c3 30. Re2 b3 0-1

[Event "Online Olym Div4 B"]
[Site "Chess.com INT"]
[Date "2021.08.22"]
[Round "8.1"]
[White "Eman, Sawan"]
[Black "Malillo, Phera"]
[Result "1-0"]
[WhiteElo "1098"]
[BlackElo "1341"]
[PlyCount "89"]
[EventDate "2021.08.20"]
[EventType "team (rapid)"]
[EventRounds "11"]
[EventCountry "USA"]
[SourceTitle "CBM 203 Extra"]
[Source "ChessBase"]
[SourceDate "2021.09.30"]
[SourceVersion "1"]
[SourceVersionDate "2021.09.30"]
[SourceQuality "1"]
[WhiteTeam "Palestine"]
[BlackTeam "Lesotho"]
[WhiteTeamCountry "PLE"]
[BlackTeamCountry "LES"]

1. e4 e5 2. Nf3 Nc6 3. d4 exd4 4. Bc4 Be7 5. Nxd4 d6 6. 0-0 Nf6 7. Nc3 0-0 8. Nxc6 bxc6 9. h3 Be6 10. Bb3 h6 11. Bf4 Nh7 12. Qd2 Bg5 13. Bxg5 Qxg5 14. Qxg5 Nxg5 15. f4 Nh7 16. Ne2 Rfe8 17. Nc3 Rad8 18. Rfe1 Nf6 19. Rad1 Nd7 20. Ba4 c5 21. f5 Bc4 22. b3 Ba6 23. Nd5 Re5 24. Nxc7 Nb8 25. Bb5 Bxb5 26. Nxb5 Na6 27. Nxd6 Nb4 28. Nc4 Rxd1 29. Rxd1 Rxe4 30. Rd8+ Kh7 31. Rd7 f6 32. Rxa7 Nxc2 33. a4 Nb4 34. a5 Re1+ 35. Kf2 Rb1 36. a6 Rxb3 37. Rb7 Rc3 38. a7 Rc2+ 39. Kg1 Ra2 40. Nb6 Nc6 41. a8Q Rxa8 42. Nxa8 Ne5 43. Rc7 c4 44. Nb6 Kg8 45. Nxc4 1-0

[Event "Online Olym Div4 B"]
[Site "Chess.com INT"]
[Date "2021.08.21"]
[Round "4.3"]
[White "Alazmi, Aeshah"]
[Black "Eman, Sawan"]
[Result "0-1"]
[WhiteElo "1312"]
[BlackElo "1098"]
[PlyCount "92"]
[EventDate "2021.08.20"]
[EventType "team (rapid)"]
[EventRounds "11"]
[EventCountry "USA"]
[SourceTitle "CBM 203 Extra"]
[Source "ChessBase"]
[SourceDate "2021.09.30"]
[SourceVersion "1"]
[SourceVersionDate "2021.09.30"]
[SourceQuality "1"]
[WhiteTeam "Kuwait"]
[BlackTeam "Palestine"]
[WhiteTeamCountry "KUW"]
[BlackTeamCountry "PLE"]

1. e4 e5 2. Nf3 Nc6 3. d4 exd4 4. Nxd4 Bc5 5. Be3 Qf6 6. c3 Nge7 7. Bc4 d6 8. 0-0 Ne5 9. Be2 Qg6 10. b4 Bb6 11. Nd2 Bh3 12. g3 Bxf1 13. Bxf1 0-0 14. Qe2 f5 15. Bg2 Ng4 16. Bf3 Nxe3 17. Qxe3 f4 18. Qd3 Bxd4 19. cxd4 d5 20. Qb3 fxg3 21. fxg3 c6 22. Rf1 Kh8 23. Qd3 dxe4 24. Bxe4 Rxf1+ 25. Nxf1 Qf6 26. Bxh7 g6 27. Bxg6 Nxg6 28. d5 cxd5 29. Qxd5 Rf8 30. Qc4 Qf2+ 31. Kh1 Qxf1+ 32. Qxf1 Rxf1+ 33. Kg2 Ra1 34. Kf3 Rxa2 35. h4 Nxh4+ 36. gxh4 a5 37. b5 a4 38. Ke4 a3 39. Kd5 Rb2 40. Kd6 a2 41. Kc7 a1Q 42. b6 Qa6 43. h5 Qxb6+ 44. Kb8 Rc2 45. h6 Qc7+ 46. Ka7 Ra2# 0-1